| 000 | 00694nac a22001931u 4500 | ||
|---|---|---|---|
| 082 |
_a621.8 _bAGA |
||
| 090 |
_c8498 _d8498 |
||
| 100 | _aAgarwal ,R.K. | ||
| 245 |
_a Principles of Electrical machine design / _cR.K.Agarwal. |
||
| 250 | _bRevised ed. | ||
| 260 |
_aDelhi:2005. _bS.K.Kataria and Sons,2007 _cc.2007 |
||
| 300 |
_aVarious p.; _bill; _c25cm. |
||
| 500 | _aIncludes Index. | ||
| 500 | _aDistributer: Al-Ahram | ||
| 511 | _aCatalogued by: Sara | ||
| 650 | _aElectric machinery--Design and construction | ||
| 942 |
_cBB _k621.8AGA |
||
| 999 |
_c8498 _d8498 |
||